[Event "4NCL Division 3 North"]
[Site "Bolton, ENG"]
[Date "2022.04.30"]
[Round "5.41"]
[White "Edwards-Wright, Miles D"]
[Black "Bak, Andrew"]
[Result "0-1"]
[WhiteElo "2038"]
[BlackElo "1963"]
[PlyCount "68"]
[EventDate "2022.04.30"]
[WhiteTeam "Chessable White Rose 3"]
[BlackTeam "Bradford DCA Knights A"]

1. g3 Nf6 2. Bg2 d5 3. d3 c5 4. c3 Nc6 5. Qc2 e5 6. Bg5 Be7 7. Bxf6 Bxf6 8. Nd2
O-O 9. e4 Be6 10. Ne2 dxe4 11. dxe4 Bg5 12. f4 exf4 13. gxf4 Bxf4 14. Nf3 Bc7
15. O-O Ne5 16. Rad1 Nxf3+ 17. Rxf3 Qh4 18. h3 Rad8 19. Rdf1 g5 20. Qc1 g4 21.
Rf6 gxh3 22. Rh6 Qg4 23. Rxh3 Bc4 24. Qh6 Qg6 25. Qe3 Rd3 26. Qxd3 Bxd3 27.
Rxd3 Rd8 28. Rxd8+ Bxd8 29. Nf4 Qg4 30. Rf3 b6 31. Nd3 Bc7 32. Kf1 h5 33. Ne1
h4 34. Nc2 h3 0-1

[Event "4NCL Division 3 North"]
[Site "Bolton, ENG"]
[Date "2022.04.30"]
[Round "5.42"]
[White "Johnson, Paul A"]
[Black "Burnett, Jim"]
[Result "1/2-1/2"]
[WhiteElo "1827"]
[BlackElo "2050"]
[PlyCount "96"]
[EventDate "2022.04.30"]
[WhiteTeam "Bradford DCA Knights A"]
[BlackTeam "Chessable White Rose 3"]

1. d4 d5 2. Nf3 e6 3. e3 Nf6 4. Bd3 c5 5. b3 Nc6 6. Bb2 Qc7 7. a3 Bd6 8. Nbd2
e5 9. dxe5 Nxe5 10. Nxe5 Bxe5 11. Bxe5 Qxe5 12. h3 O-O 13. O-O Bd7 14. Nf3 Qe7
15. c4 dxc4 16. bxc4 Rad8 17. Qc2 Bc6 18. Rfe1 g6 19. Rad1 Rd6 20. Qb2 Bxf3 21.
gxf3 Rfd8 22. Be2 b6 23. Qc2 Ne8 24. Rxd6 Rxd6 25. Rd1 Rxd1+ 26. Qxd1 Qd6 27.
Qc2 Qe6 28. Kg2 Nd6 29. Bd3 Qd7 30. Be4 Nxe4 31. Qxe4 Qa4 32. Qd3 Qc6 33. Kg3
a6 34. e4 b5 35. f4 bxc4 36. Qxc4 Qb5 37. Qd5 c4 38. Qd8+ Kg7 39. e5 Qc6 40.
Qd4 Qe6 41. Qc3 h6 42. Qd4 Kh7 43. Qc5 Kg8 44. a4 Kh7 45. a5 Kg8 46. f3 g5 47.
fxg5 hxg5 48. Kg2 Kg7 1/2-1/2

[Event "4NCL Division 3 North"]
[Site "Bolton, ENG"]
[Date "2022.04.30"]
[Round "5.43"]
[White "Slinger, Tony J"]
[Black "Patrick, David A"]
[Result "1-0"]
[WhiteElo "1929"]
[BlackElo "1806"]
[PlyCount "129"]
[EventDate "2022.04.30"]
[WhiteTeam "Chessable White Rose 3"]
[BlackTeam "Bradford DCA Knights A"]

1. d4 d5 2. Nf3 Nf6 3. e3 Bg4 4. h3 Bxf3 5. Qxf3 c6 6. Nd2 e6 7. c3 Nbd7 8. Qg3
Rc8 9. Bd3 Qc7 10. Qxc7 Rxc7 11. f4 c5 12. O-O Bd6 13. e4 dxe4 14. Nxe4 Nxe4
15. Bxe4 Nf6 16. Bd3 cxd4 17. cxd4 O-O 18. f5 e5 19. dxe5 Bxe5 20. Bf4 Bxf4 21.
Rxf4 Rd8 22. Rf3 Rcd7 23. Rc1 a6 24. Rc3 h6 25. Rb3 Rc8 26. g4 Rc1+ 27. Rf1 Rc5
28. Kg2 Rcd5 29. Rf3 Rd4 30. Kf2 Nd5 31. Ke2 Nb4 32. Ra3 Nd5 33. Rb3 Re7+ 34.
Kd2 Rd7 35. Ke2 a5 36. Kf2 Nb4 37. Bb5 R7d5 38. a4 Rd2+ 39. Kg3 Rc2 40. Rf2
Rdd2 41. Rxd2 Rxd2 42. Rc3 Rxb2 43. Rc8+ Kh7 44. Rc7 Rb3+ 45. Kg2 Rb2+ 46. Kg1
Rb1+ 47. Kf2 Rb2+ 48. Ke1 Nd5 49. Rxf7 Nc3 50. Rxb7 Nxa4 51. f6 Rxb5 52. Rxb5
gxf6 53. Rxa5 Nc3 54. Kf2 Ne4+ 55. Ke3 Ng5 56. h4 Nf7 57. Kf4 Kg6 58. h5+ Kg7
59. Ra7 Kg8 60. Kf5 Ne5 61. Ra6 Nd7 62. Rd6 Nf8 63. Kxf6 Nh7+ 64. Kg6 Nf8+ 65.
Kxh6 1-0

[Event "4NCL Division 3 North"]
[Site "Bolton, ENG"]
[Date "2022.04.30"]
[Round "5.44"]
[White "Colledge, Dave"]
[Black "Donahue, Randolph E"]
[Result "0-1"]
[WhiteElo "1778"]
[BlackElo "1800"]
[PlyCount "50"]
[EventDate "2022.04.30"]
[WhiteTeam "Bradford DCA Knights A"]
[BlackTeam "Chessable White Rose 3"]

1. d4 Nf6 2. c4 e5 3. dxe5 Ng4 4. e4 h5 5. h3 Nxe5 6. Be3 d6 7. Nf3 Nbc6 8.
Nbd2 Be7 9. Be2 Nxf3+ 10. Nxf3 Bf6 11. Qc2 Qe7 12. Rd1 b6 13. a3 Bb7 14. Bd3 a5
15. Rd2 O-O 16. g4 Ne5 17. Nxe5 Qxe5 18. f4 Bh4+ 19. Kd1 Qe7 20. Rg1 Rfe8 21.
gxh5 Bxe4 22. Bxe4 Qxe4 23. Qxe4 Rxe4 24. Bd4 Rxd4 25. Rxd4 Bf2 0-1

[Event "4NCL Division 3 North"]
[Site "Bolton, ENG"]
[Date "2022.04.30"]
[Round "5.45"]
[White "Taylor, Harry"]
[Black "Dean, Robert A"]
[Result "0-1"]
[WhiteElo "1767"]
[BlackElo "1732"]
[PlyCount "86"]
[EventDate "2022.04.30"]
[WhiteTeam "Chessable White Rose 3"]
[BlackTeam "Bradford DCA Knights A"]

1. e4 e6 2. d4 d5 3. e5 c5 4. c3 Nc6 5. Nf3 Bd7 6. Be2 Nge7 7. O-O Ng6 8. Be3
cxd4 9. cxd4 Qb6 10. Nc3 Rc8 11. a3 Be7 12. Na4 Qd8 13. Rc1 O-O 14. Ne1 f6 15.
f4 fxe5 16. fxe5 Rxf1+ 17. Bxf1 Qf8 18. Nc5 Bxc5 19. Rxc5 Nge7 20. Nf3 Nf5 21.
Bf2 Qe8 22. b4 Nce7 23. Qc2 Rxc5 24. Qxc5 a6 25. Bd3 Qc8 26. g4 Qxc5 27. dxc5
Nh6 28. h3 Nf7 29. Bg3 g6 30. Kf2 Kf8 31. Ke3 Ke8 32. Nd4 Nc6 33. Nf3 Na7 34.
Bh4 Bb5 35. Bxb5+ Nxb5 36. a4 Nc3 37. a5 Kd7 38. Be1 Ne4 39. Kd4 Nfg5 40. Nxg5
Nxg5 41. Bd2 Nf3+ 42. Kd3 Nxd2 43. Kxd2 Kc6 0-1

[Event "4NCL Division 3 North"]
[Site "Bolton, ENG"]
[Date "2022.04.30"]
[Round "5.46"]
[White "Wedge, David C"]
[Black "Key, Tom"]
[Result "1-0"]
[WhiteElo "1725"]
[BlackElo "1526"]
[PlyCount "102"]
[EventDate "2022.04.30"]
[WhiteTeam "Bradford DCA Knights A"]
[BlackTeam "Chessable White Rose 3"]

1. e4 Nc6 2. d4 d5 3. e5 Bf5 4. c3 e6 5. f4 Qd7 6. Nf3 a6 7. Be2 f6 8. O-O fxe5
9. fxe5 Na5 10. b4 Nc4 11. a4 Ne7 12. Qb3 Qc6 13. Na3 b5 14. Nxc4 bxc4 15. Qd1
Nc8 16. Qe1 Be7 17. Nh4 Be4 18. Qg3 g6 19. Bh6 Bxh4 20. Qxh4 Ne7 21. Bg7 Nf5
22. Rxf5 Bxf5 23. Bxh8 Qd7 24. Qf6 Qf7 25. g4 Qxf6 26. exf6 Be4 27. Rf1 Kf7 28.
Bg7 a5 29. b5 Bc2 30. Bd1 Bd3 31. Rf2 Rc8 32. Rb2 Rb8 33. Kf2 c6 34. b6 Rb7 35.
Bf3 g5 36. Kg3 Kg6 37. h4 h6 38. h5+ Kf7 39. Bxh6 Kxf6 40. Rf2 Ke7 41. Bxg5+
Kd7 42. Rb2 c5 43. dxc5 Kc6 44. Be3 e5 45. g5 Kd7 46. Bxd5 Rb8 47. c6+ Kd6 48.
c7 Rh8 49. Bf3 e4 50. Bg4 Kc6 51. c8=Q+ Rxc8 1-0

[Event "4NCL Division 3 North"]
[Site "Bolton, ENG"]
[Date "2022.05.01"]
[Round "6.11"]
[White "Geue, Niklas"]
[Black "Bak, Andrew"]
[Result "1-0"]
[WhiteElo "2125"]
[BlackElo "1963"]
[PlyCount "72"]
[EventDate "2022.05.01"]
[WhiteTeam "Manchester Manticores 2"]
[BlackTeam "Bradford DCA Knights A"]

1. d4 d5 2. c4 c6 3. cxd5 cxd5 4. Nc3 e5 5. dxe5 d4 6. Ne4 Qa5+ 7. Nd2 Nc6 8.
Ngf3 Bg4 9. g3 Bxf3 10. exf3 Qxe5+ 11. Qe2 Bc5 12. Qxe5+ Nxe5 13. Bb5+ Nc6 14.
O-O O-O-O 15. Ne4 Bb6 16. Bd2 h6 17. Rac1 f5 18. Nc5 Bxc5 19. Rxc5 Nge7 20. Bd3
Rhf8 21. f4 Rd5 22. Rcc1 Kb8 23. Rfe1 Nc8 24. b4 a6 25. a4 g6 26. Bxa6 d3 27.
Bc4 Rdd8 28. Re3 Rfe8 29. Kg2 Re4 30. Rxe4 fxe4 31. Re1 Rd4 32. Bf7 Nxb4 33.
Bxg6 Nd6 34. Bc3 Nc2 35. Bxd4 Nxd4 36. Kf1 Nf3 {scoresheets cannot be read} 1-0

[Event "4NCL Division 3 North"]
[Site "Bolton, ENG"]
[Date "2022.05.01"]
[Round "6.12"]
[White "Johnson, Paul A"]
[Black "Hymer, Barry"]
[Result "0-1"]
[WhiteElo "1827"]
[BlackElo "1974"]
[PlyCount "118"]
[EventDate "2022.05.01"]
[WhiteTeam "Bradford DCA Knights A"]
[BlackTeam "Manchester Manticores 2"]

1. d4 d6 2. e4 Nf6 3. Nc3 e5 4. d5 c6 5. Bd3 cxd5 6. exd5 Be7 7. Nf3 O-O 8. O-O
Nbd7 9. h3 Nb6 10. Be2 h6 11. Be3 Bf5 12. Qd2 Rc8 13. Rfd1 Ne4 14. Nxe4 Bxe4
15. Bxb6 Qxb6 16. c4 Bxf3 17. gxf3 Bg5 18. Qc2 f5 19. b3 Qd8 20. Kg2 Bf4 21.
Rh1 Qh4 22. Rag1 Rce8 23. Bd3 g6 24. Kf1 Bg5 25. Be2 e4 26. Rg3 e3 27. Rg2 exf2
28. Rxf2 Be3 29. Rg2 g5 30. Qd1 Kh7 31. Qe1 Qd4 32. Qb1 Bd2 33. h4 Kg7 34. hxg5
hxg5 35. Rgh2 g4 36. Rh7+ Kg6 37. Qd3 Qxd3 38. Bxd3 Re3 39. Bc2 Rxf3+ 40. Kg2
Bf4 41. Re7 Re3 42. Re1 Rxe1 43. Rxe1 Rh8 44. Re6+ Kg5 45. Re2 Rh2+ 46. Kf1 Rh3
47. Kg2 Rg3+ 48. Kf2 Be5 49. c5 f4 50. Rd2 Rc3 51. cxd6 Bxd6 52. Bd3 f3 53. Rd1
Kf4 54. Bg6 g3+ 55. Kg1 Bc5+ 56. Kh1 g2+ 57. Kh2 g1=Q+ 58. Rxg1 Bxg1+ 59. Kxg1
Kg3 0-1

[Event "4NCL Division 3 North"]
[Site "Bolton, ENG"]
[Date "2022.05.01"]
[Round "6.13"]
[White "Doran, Chris"]
[Black "Patrick, David A"]
[Result "1/2-1/2"]
[WhiteElo "1967"]
[BlackElo "1806"]
[PlyCount "29"]
[EventDate "2022.05.01"]
[WhiteTeam "Manchester Manticores 2"]
[BlackTeam "Bradford DCA Knights A"]

1. e4 d6 2. d4 Nf6 3. Nc3 e5 4. Nf3 exd4 5. Nxd4 Be7 6. f3 O-O 7. Be3 a6 8. Qd2
c5 9. Nb3 Nc6 10. a4 Be6 11. Nd5 Re8 12. Be2 Bf8 13. O-O Bxd5 14. exd5 Nb4 15.
Bf4 1/2-1/2

[Event "4NCL Division 3 North"]
[Site "Bolton, ENG"]
[Date "2022.05.01"]
[Round "6.14"]
[White "Bramson, Mike"]
[Black "Trueman, Glenn"]
[Result "1-0"]
[WhiteElo "1821"]
[BlackElo "1922"]
[PlyCount "56"]
[EventDate "2022.05.01"]
[WhiteTeam "Bradford DCA Knights A"]
[BlackTeam "Manchester Manticores 2"]

1. e4 c5 2. Nf3 Nf6 3. Nc3 Nc6 4. d4 d5 5. exd5 Nxd5 6. Bc4 Nxc3 7. bxc3 e6 8.
O-O Be7 9. Re1 O-O 10. Bf4 Qa5 11. Qe2 cxd4 12. cxd4 Bd7 13. Red1 Bf6 14. Rab1
Ne7 15. Ne5 Bxe5 16. Bxe5 Ng6 17. Rb3 Bc6 18. Qh5 Rfd8 19. Rh3 Nxe5 20. Qxh7+
Kf8 21. Rh5 Rxd4 22. Rxd4 Qe1+ 23. Bf1 Bf3 24. Rxe5 Qxe5 25. gxf3 Qxd4 26. Qh8+
Ke7 27. Qxa8 Qb6 28. Qc8 Qc6 1-0

[Event "4NCL Division 3 North"]
[Site "Bolton, ENG"]
[Date "2022.05.01"]
[Round "6.15"]
[White "Reed, John"]
[Black "Dean, Robert A"]
[Result "1-0"]
[WhiteElo "1941"]
[BlackElo "1732"]
[PlyCount "81"]
[EventDate "2022.05.01"]
[WhiteTeam "Manchester Manticores 2"]
[BlackTeam "Bradford DCA Knights A"]

1. d4 d5 2. c4 c6 3. Nc3 Nf6 4. Bg5 e6 5. cxd5 exd5 6. Qc2 Nbd7 7. e3 Bd6 8.
Bd3 h6 9. Bh4 Qa5 10. Nge2 O-O 11. O-O Re8 12. Rad1 Rb8 13. Qc1 b5 14. f3 b4
15. Nb1 Bb7 16. Bg3 Bxg3 17. Nxg3 c5 18. a3 bxa3 19. Nxa3 c4 20. Bf5 Ba6 21.
Rfe1 Qb4 22. e4 dxe4 23. fxe4 Nb6 24. Nc2 Qb5 25. e5 Nfd5 26. Ne4 Re7 27. Nd6
Qc6 28. Be4 Qc7 29. Ne3 Nxe3 30. Rxe3 Na4 31. Rg3 Kf8 32. Nf5 Rd7 33. Nxg7 Qb6
34. Nf5 Nxb2 35. Nd6 Rxd6 36. exd6 Nxd1 37. Qxh6+ Ke8 38. Rg8+ Kd7 39. Bf5+ Kc6
40. d7+ Kd5 41. Qxb6 1-0

[Event "4NCL Division 3 North"]
[Site "Bolton, ENG"]
[Date "2022.05.01"]
[Round "6.16"]
[White "Colledge, Dave"]
[Black "Norris, Ethan"]
[Result "0-1"]
[WhiteElo "1778"]
[BlackElo "2000"]
[PlyCount "52"]
[EventDate "2022.05.01"]
[WhiteTeam "Bradford DCA Knights A"]
[BlackTeam "Manchester Manticores 2"]

1. d4 d5 2. c4 dxc4 3. Nc3 Nf6 4. e3 e6 5. Bxc4 c5 6. Nf3 Be7 7. O-O O-O 8. Qc2
a6 9. a4 Qc7 10. Be2 Nc6 11. b3 Rd8 12. dxc5 Bxc5 13. Bb2 Nb4 14. Qc1 Nd3 15.
Bxd3 Rxd3 16. Rd1 Rd7 17. Rxd7 Bxd7 18. Qd1 Bc6 19. Qe2 Ng4 20. h3 Ne5 21. Nxe5
Qxe5 22. Rd1 Bd6 23. f4 Qc5 24. Kh1 Bf8 25. Rd3 Qb6 26. Nb1 Be4 0-1

[Event "4NCL Division 3 North"]
[Site "Bolton, ENG"]
[Date "2022.05.01"]
[Round "6.21"]
[White "Ciuravin, Andrei"]
[Black "Edwards-Wright, Miles D"]
[Result "1-0"]
[WhiteElo "2076"]
[BlackElo "2038"]
[PlyCount "85"]
[EventDate "2022.05.01"]
[WhiteTeam "Hull & East Riding Tigers"]
[BlackTeam "Chessable White Rose 3"]

1. d4 g6 2. Nf3 Bg7 3. c4 d6 4. Nc3 Bg4 5. h3 Bxf3 6. gxf3 e5 7. d5 Nd7 8. Rb1
a5 9. a3 Ne7 10. h4 h6 11. Bd2 f5 12. b4 b6 13. Qc1 Nf6 14. Rg1 axb4 15. axb4
Kf7 16. Bh3 Kg8 17. e4 Kh7 18. Qc2 Qd7 19. Be3 Nh5 20. Nb5 Rhf8 21. Ke2 Nf4+
22. Bxf4 exf4 23. h5 g5 24. Rgc1 Rae8 25. Kf1 Be5 26. exf5 Nxf5 27. Nxc7 Qxc7
28. Bxf5+ Kh8 29. Bg4 Rb8 30. Kg2 Qe7 31. Re1 Rb7 32. Re4 Ra8 33. Rbe1 Rc7 34.
Qd3 Rd8 35. R4e2 Qf6 36. Ra2 Rb8 37. Rc1 Qe7 38. Re2 Qg7 39. Be6 Qf6 40. Bg4
Qg7 41. Qe4 Re7 42. Be6 Bd4 43. Rd1 1-0

[Event "4NCL Division 3 North"]
[Site "Bolton, ENG"]
[Date "2022.05.01"]
[Round "6.22"]
[White "Burnett, Jim"]
[Black "Collinson, Mark I"]
[Result "1-0"]
[WhiteElo "2050"]
[BlackElo "2048"]
[PlyCount "53"]
[EventDate "2022.05.01"]
[WhiteTeam "Chessable White Rose 3"]
[BlackTeam "Hull & East Riding Tigers"]

1. d4 Nf6 2. c4 c5 3. Nf3 cxd4 4. Nxd4 b6 5. Nc3 Bb7 6. f3 e5 7. Ndb5 e4 8.
Nd6+ Bxd6 9. Qxd6 Qe7 10. Bf4 Na6 11. Rd1 Rc8 12. b3 Rc6 13. Qxe7+ Kxe7 14.
fxe4 Re8 15. g3 h6 16. Bh3 g5 17. Be5 g4 18. Bxf6+ Rxf6 19. Bxg4 Kf8 20. Rf1
Rxf1+ 21. Kxf1 Nc5 22. Bxd7 Re7 23. Bf5 Kg7 24. Kf2 Ne6 25. h4 Kf8 26. Rd6 Nc5
27. Rxh6 1-0

[Event "4NCL Division 3 North"]
[Site "Bolton, ENG"]
[Date "2022.05.01"]
[Round "6.23"]
[White "Vleeshhouwer, Douglas"]
[Black "Slinger, Tony J"]
[Result "0-1"]
[WhiteElo "2078"]
[BlackElo "1929"]
[PlyCount "106"]
[EventDate "2022.05.01"]
[WhiteTeam "Hull & East Riding Tigers"]
[BlackTeam "Chessable White Rose 3"]

1. b3 e5 2. Bb2 d6 3. c4 c5 4. Nc3 g6 5. e3 Nc6 6. Nge2 Bg7 7. Nd5 Nge7 8. Nxe7
Qxe7 9. g3 h5 10. Bg2 Bg4 11. a3 O-O 12. O-O a6 13. d3 Qd7 14. Qd2 Bh3 15. d4
Bxg2 16. Kxg2 Rad8 17. d5 Ne7 18. e4 Kh7 19. f4 f6 20. b4 b6 21. Bc3 Ng8 22.
Rab1 Rb8 23. Rb3 Qc7 24. Qd3 b5 25. Rc1 Qd7 26. Bd2 Rfc8 27. bxc5 Rxc5 28. Be3
bxc4 29. Rxc4 Rxb3 30. Qxb3 Rb5 31. Rb4 h4 32. Rxb5 axb5 33. Nc3 hxg3 34. hxg3
exf4 35. Bxf4 g5 36. Be3 Qg4 37. Qxb5 f5 38. Qe2 Bxc3 39. Qxg4 fxg4 40. Bxg5
Ba5 41. Kf2 Kg6 42. Bc1 Nf6 43. Ke3 Nh5 44. Bb2 Nxg3 45. Kf4 Ne2+ 46. Kxg4 Bc3
47. Bxc3 Nxc3 48. e5 dxe5 49. Kf3 Kf6 50. d6 Ke6 51. Ke3 Kxd6 52. Kd3 Na4 53.
Kc4 Nc5 0-1

[Event "4NCL Division 3 North"]
[Site "Bolton, ENG"]
[Date "2022.05.01"]
[Round "6.24"]
[White "Wills, Tom"]
[Black "Gardiner, Eric D"]
[Result "1-0"]
[WhiteElo "1951"]
[BlackElo "2063"]
[PlyCount "73"]
[EventDate "2022.05.01"]
[WhiteTeam "Chessable White Rose 3"]
[BlackTeam "Hull & East Riding Tigers"]

1. e4 e6 2. d4 d5 3. Nc3 Nf6 4. e5 Nfd7 5. Nce2 c5 6. c3 Nc6 7. Nf3 Qb6 8. a3
a5 9. Nf4 a4 10. Be2 Qb3 11. O-O Qxd1 12. Rxd1 Be7 13. h4 O-O 14. Be3 c4 15. g4
Nb6 16. g5 Bd7 17. Kg2 Rac8 18. Rh1 f6 19. gxf6 gxf6 20. exf6 Bxf6 21. Nh5 Be8
22. Ng5 Bxg5 23. hxg5 Bxh5 24. Rxh5 Ne7 25. Rah1 Rf7 26. Bd1 Nf5 27. g6 hxg6
28. Rh8+ Kg7 29. Bf4 Rxh8 30. Be5+ Kf8 31. Rxh8+ Ke7 32. Rb8 Nd6 33. Rg8 Nf5
34. Bc7 Nd7 35. Bxa4 Rg7 36. Ra8 Kf6 37. Rd8 1-0

[Event "4NCL Division 3 North"]
[Site "Bolton, ENG"]
[Date "2022.05.01"]
[Round "6.25"]
[White "Kilshaw, Joe"]
[Black "Taylor, Harry"]
[Result "1/2-1/2"]
[WhiteElo "2019"]
[BlackElo "1767"]
[PlyCount "77"]
[EventDate "2022.05.01"]
[WhiteTeam "Hull & East Riding Tigers"]
[BlackTeam "Chessable White Rose 3"]

1. c4 c6 2. e4 d5 3. cxd5 cxd5 4. exd5 Nf6 5. Bb5+ Bd7 6. Bc4 Qc7 7. Bb3 Nxd5
8. Nf3 Bc6 9. d4 Nd7 10. O-O e6 11. Bd2 Bd6 12. Re1 O-O 13. h3 Rac8 14. Nc3
Nxc3 15. Bxc3 Nf6 16. Qd3 Bd5 17. Bxd5 Nxd5 18. Ng5 g6 19. Ne4 Be7 20. Rac1
Rfd8 21. Bd2 Qb6 22. Rxc8 Rxc8 23. Rc1 Rxc1+ 24. Bxc1 Bf8 25. Qc4 Qc7 26. Nf6+
Kh8 27. Qxc7 Nxc7 28. Bf4 Nd5 29. Nxd5 exd5 30. Be5+ Bg7 31. Kf1 f6 32. Bb8 a6
33. Ke2 Kg8 34. Kd3 Kf7 35. h4 Bf8 36. Ba7 Bd6 37. Bc5 Ke6 38. b4 b5 39. Bxd6
1/2-1/2

[Event "4NCL Division 3 North"]
[Site "Bolton, ENG"]
[Date "2022.05.01"]
[Round "6.26"]
[White "Donahue, Randolph E"]
[Black "Thompson, Keith"]
[Result "1-0"]
[WhiteElo "1800"]
[BlackElo "1932"]
[PlyCount "81"]
[EventDate "2022.05.01"]
[WhiteTeam "Chessable White Rose 3"]
[BlackTeam "Hull & East Riding Tigers"]

1. e4 e6 2. Nf3 d5 3. Nc3 Nf6 4. e5 Nfd7 5. d4 Bb4 6. Bd2 c5 7. Nb5 Bxd2+ 8.
Qxd2 O-O 9. c3 f6 10. exf6 Nxf6 11. Bd3 a6 12. Na3 cxd4 13. cxd4 Nc6 14. O-O
Qd6 15. Rae1 Ng4 16. h3 Rxf3 17. hxg4 Rf4 18. Nc2 Bd7 19. f3 Raf8 20. Qe3 R4f6
21. g5 R6f7 22. Kf2 Qf4 23. Rh1 Qxe3+ 24. Kxe3 g6 25. Rh4 Ne7 26. f4 Nf5+ 27.
Bxf5 Rxf5 28. g3 Rc8 29. Kd2 Rf7 30. Ne3 Ba4 31. b3 Bb5 32. Rhh1 Rfc7 33. a4
Bd7 34. Rc1 a5 35. Rxc7 Rxc7 36. Ng4 Bc6 37. Nf6+ Kh8 38. Re1 Re7 39. Rc1 Kg7
40. Rc5 Rc7 41. Ne8+ 1-0

[Event "4NCL Division 3 North"]
[Site "Bolton, ENG"]
[Date "2022.05.01"]
[Round "6.31"]
[White "Surtees, Mike J"]
[Black "Hutchinson, Joel"]
[Result "1/2-1/2"]
[WhiteElo "2130"]
[BlackElo "1864"]
[PlyCount "111"]
[EventDate "2022.05.01"]
[WhiteTeam "Bolton"]
[BlackTeam "Manchester Manticores 3"]

1. e4 c5 2. c3 Nf6 3. f3 e5 4. Nh3 a6 5. Nf2 d5 6. d3 Be7 7. g3 O-O 8. Bg2 dxe4
9. fxe4 Nc6 10. O-O Be6 11. Na3 b5 12. Nc2 Rc8 13. Kh1 Qd7 14. h3 Rfd8 15. Be3
Qd6 16. Kh2 b4 17. Qe2 Na5 18. c4 Nc6 19. b3 a5 20. a3 Ra8 21. axb4 axb4 22.
Rfc1 Qd7 23. Qe1 Ne8 24. Bf3 Nf6 25. Kg2 h6 26. Be2 Rdb8 27. Rcb1 Qd6 28. Qc1
Kh7 29. Qb2 Qd7 30. Rxa8 Rxa8 31. Ra1 Qd8 32. Bd1 Ra5 33. Rxa5 Qxa5 34. Qa1
Qxa1 35. Nxa1 g6 36. Nc2 h5 37. Ne1 Ne8 38. Nf3 f6 39. Bc2 Ng7 40. Nd1 Bd7 41.
Nb2 Na5 42. Bf2 Ne6 43. Nd1 Nc6 44. Nb2 Na5 45. Bd1 Nc7 46. Bc2 Bf8 47. Nd1 Ne6
48. Ne3 Kg7 49. Nd5 Kf7 50. Bd1 Bh6 51. Be3 Bxe3 52. Nxe3 Nc6 53. Nc2 Ned4 54.
Ncxd4 Nxd4 55. Nxd4 exd4 56. h4 1/2-1/2

[Event "4NCL Division 3 North"]
[Site "Bolton, ENG"]
[Date "2022.05.01"]
[Round "6.32"]
[White "Taylor, Mark"]
[Black "Sakic, Lorand"]
[Result "0-1"]
[WhiteElo "1839"]
[BlackElo "1993"]
[PlyCount "36"]
[EventDate "2022.05.01"]
[WhiteTeam "Manchester Manticores 3"]
[BlackTeam "Bolton"]

1. e4 Nf6 2. e5 Nd5 3. c4 Nb6 4. d4 d6 5. f4 g6 6. b3 Bg7 7. Bb2 O-O 8. Nf3 Bg4
9. Nbd2 dxe5 10. fxe5 e6 11. Be2 c5 12. dxc5 N6d7 13. b4 Nc6 14. a3 Ncxe5 15.
Bxe5 Nxe5 16. Nxe5 Bxe5 17. Bxg4 Bxa1 18. Qxa1 Qh4+ 0-1

[Event "4NCL Division 3 North"]
[Site "Bolton, ENG"]
[Date "2022.05.01"]
[Round "6.33"]
[White "Scoular, Adam"]
[Black "Jayawarna, Thisumi"]
[Result "1-0"]
[WhiteElo "1880"]
[BlackElo "1730"]
[PlyCount "41"]
[EventDate "2022.05.01"]
[WhiteTeam "Bolton"]
[BlackTeam "Manchester Manticores 3"]

1. e4 c5 2. Nf3 e6 3. Nc3 Nc6 4. Bb5 Qc7 5. O-O Nf6 6. Bxc6 Qxc6 7. Qe2 Be7 8.
d4 a6 9. d5 Qc7 10. d6 Bxd6 11. e5 Be7 12. exf6 Bxf6 13. Nd5 Qd8 14. Bf4 d6 15.
Rad1 Be7 16. Nxe7 Qxe7 17. Bxd6 Qf6 18. Ne5 b5 19. Qe4 Ra7 20. Qc6+ Bd7 21. Qb6
1-0

[Event "4NCL Division 3 North"]
[Site "Bolton, ENG"]
[Date "2022.05.01"]
[Round "6.34"]
[White "Pollard, Matthew B"]
[Black "Doherty, Paul"]
[Result "0-1"]
[WhiteElo "1702"]
[BlackElo "1738"]
[PlyCount "83"]
[EventDate "2022.05.01"]
[WhiteTeam "Manchester Manticores 3"]
[BlackTeam "Bolton"]

1. Nf3 f5 2. b3 Nf6 3. Bb2 e6 4. c4 Be7 5. Nc3 O-O 6. g3 d6 7. Bg2 Qe8 8. d4 c6
9. e3 Nbd7 10. O-O e5 11. d5 c5 12. Nb5 Qd8 13. Nxe5 Nxe5 14. Bxe5 a6 15. Bxf6
Bxf6 16. Na3 Bxa1 17. Qxa1 Qe8 18. Nc2 Qh5 19. Qd1 Qxd1 20. Rxd1 Bd7 21. Ne1 b5
22. Bf1 bxc4 23. Bxc4 Bb5 24. Rc1 Rab8 25. Nd3 g5 26. Nb2 Kf7 27. Re1 Rbe8 28.
a4 Bd7 29. Nd1 Rb8 30. Nc3 Ra8 31. Rb1 Rfb8 32. Re1 h5 33. e4 Re8 34. f3 h4 35.
Re2 Kf6 36. Kf2 Ra7 37. f4 hxg3+ 38. hxg3 gxf4 39. gxf4 Bc8 40. e5+ dxe5 41.
fxe5+ Rxe5 42. Rd2 0-1

[Event "4NCL Division 3 North"]
[Site "Bolton, ENG"]
[Date "2022.05.01"]
[Round "6.35"]
[White "Nagy, Viktor"]
[Black "Barnett, Elliott"]
[Result "1/2-1/2"]
[WhiteElo "1724"]
[BlackElo "1667"]
[PlyCount "71"]
[EventDate "2022.05.01"]
[WhiteTeam "Bolton"]
[BlackTeam "Manchester Manticores 3"]

1. Nf3 Nf6 2. b3 d5 3. Bb2 e6 4. e3 c5 5. c4 Nc6 6. Be2 d4 7. d3 e5 8. O-O Be7
9. Nbd2 O-O 10. e4 Nh5 11. Ne1 Nf4 12. Ndf3 f5 13. exf5 Bxf5 14. Bc1 Nxe2+ 15.
Qxe2 Bf6 16. Nd2 Re8 17. Ne4 Qe7 18. Nf3 h6 19. Ba3 b6 20. Nfd2 Bg5 21. Nxg5
Qxg5 22. Ne4 Qg6 23. Rae1 Re6 24. f3 Rf8 25. Kh1 a5 26. g4 Bxe4 27. Qxe4 Qxe4
28. Rxe4 Rf4 29. Kg2 Rxe4 30. fxe4 Ne7 31. Bc1 Nc6 32. a3 Re7 33. Kg3 Rf7 34.
Rxf7 Kxf7 35. Bd2 g5 36. h4 1/2-1/2

[Event "4NCL Division 3 North"]
[Site "Bolton, ENG"]
[Date "2022.05.01"]
[Round "6.36"]
[White "Wilson, Jeff"]
[Black "Lamb, Ian"]
[Result "0-1"]
[WhiteElo "1447"]
[BlackElo "1663"]
[PlyCount "56"]
[EventDate "2022.05.01"]
[WhiteTeam "Manchester Manticores 3"]
[BlackTeam "Bolton"]

1. e4 e6 2. b3 d5 3. Bb2 dxe4 4. Nc3 Nf6 5. g4 Be7 6. Bg2 O-O 7. Nxe4 Nd5 8.
Ne2 Nc6 9. d3 a5 10. c4 Nf6 11. N2g3 Bb4+ 12. Kf1 Nd4 13. h4 e5 14. f3 Bd7 15.
a3 Be7 16. Bxd4 exd4 17. g5 Nxe4 18. Nxe4 Bf5 19. f4 c6 20. Ng3 Qd7 21. Be4 Bg4
22. Qd2 f5 23. Bg2 Bd6 24. Qf2 Bc7 25. Ke1 Rae8+ 26. Kd2 Re3 27. Rhe1 Rfe8 28.
Bf1 Rf3 0-1

[Event "4NCL Division 3 North"]
[Site "Bolton, ENG"]
[Date "2022.05.01"]
[Round "6.41"]
[White "Wedge, David C"]
[Black "Mitchell, Martin"]
[Result "0-1"]
[WhiteElo "1725"]
[BlackElo "2194"]
[PlyCount "182"]
[EventDate "2022.05.01"]
[WhiteTeam "Bradford DCA Knights B"]
[BlackTeam "Spirit of Atticus"]

1. e4 d6 2. Nc3 Nf6 3. g3 g6 4. Bg2 Bg7 5. d3 e5 6. Nge2 O-O 7. O-O c6 8. Be3
Ng4 9. Bd2 f5 10. h3 Nh6 11. Qc1 Nf7 12. exf5 Bxf5 13. g4 Bd7 14. f4 d5 15.
fxe5 Nxe5 16. Rxf8+ Qxf8 17. Qf1 Qe7 18. Re1 Na6 19. Nf4 Rf8 20. d4 g5 21. dxe5
gxf4 22. Bxf4 Nc5 23. Re2 Ne6 24. Rf2 Nxf4 25. Rxf4 Qxe5 26. Rxf8+ Bxf8 27. Qe2
Bc5+ 28. Kh1 Qf4 29. Qf3 Qc1+ 30. Qd1 Qe3 31. Qf1 Bb4 32. Na4 Be7 33. Qg1 Qf4
34. b3 Bd6 35. Nc5 Bc8 36. Nd3 Qg3 37. Nc5 Kg7 38. Nd3 Kg6 39. Nc5 h6 40. Nd3
Kg7 41. Bf1 Qf3+ 42. Bg2 Qe2 43. Qf1 Qxf1+ 44. Bxf1 c5 45. Kg2 Kg6 46. Ne1 Kf6
47. Nf3 Be6 48. Kf2 Bf4 49. Ne1 Bg8 50. Bg2 b6 51. Nd3 Bd2 52. Ke2 Bg5 53. Bf3
Ke6 54. Bg2 Kd6 55. Bf3 c4 56. bxc4 dxc4 57. Nf2 Ke5 58. Nd1 Kf4 59. Kf2 Be7
60. Bc6 Bh7 61. Nb2 c3 62. Nd1 Bf6 63. Ba4 Bd4+ 64. Kg2 Be4+ 65. Kf1 Kg3 66.
Ke2 Bg2 67. Kd3 Bg7 68. Nxc3 Bf1+ 69. Kd2 Bxh3 70. Ne4+ Kf4 71. Nf2 Bg2 72. Bd7
Bd4 73. Nd3+ Kg3 74. c3 Bf6 75. c4 Bf3 76. c5 bxc5 77. Nxc5 Be7 78. Nd3 Bxg4
79. Be8 Bd6 80. Kc3 h5 81. Bxh5 Bxh5 82. Kc4 Be2 83. Kd4 Bxd3 84. Kxd3 Kf3 85.
Kc4 Ke4 86. Kb5 Kd5 87. Ka6 Bc5 88. Ka5 Bg1 89. a4 Bf2 90. Ka6 Kc4 91. a5 Kb4
0-1